Inazuma Eleven Inamori Asuto all Techniques Quiz Stats

 Plays Quiz not verified by Sporcle

Support Sporcle.
Go Orange.
Score 0/9 Timer 10:00
0 Plays Today
Hint Answer % Correct
Ares-OrionShining Bird
96.8%
AresInabikari Dash
77.4%
OrionLast Resort Σ
77.4%
OrionLast Resort
77.4%
OrionSunrise Blitz
71%
AresMeteor Drop
67.7%
AresVictory Line
67.7%
Ares-OrionHokkyoku Guma 2gou
64.5%
AresCounter Drive
61.3%

You're not logged in!

Compare scores with friends on all Sporcle quizzes.
OR
Log In

From the Vault

President, Justice or Speaker of the House

by Hejman

You wouldn't be wrong for saying "people with a lot of power," but that's beside the point.
Remove Ads.
Support Sporcle.
Get the best of Sporcle when you Go Orange. This ad-free experience offers more features, more stats, and more fun while also helping to support Sporcle. Thank you for becoming a member.

Show Comments

Extras

Created Feb 21, 2020ReportNominate
Tags:Eleven, Sonny, Technique, Wright

Top Quizzes Today


Score Distribution

Your Account Isn't Verified!

In order to create a playlist on Sporcle, you need to verify the email address you used during registration. Go to your Sporcle Settings to finish the process.

Report this User

Report this user for behavior that violates our Community Guidelines.

Details: